| 000 | 01174nam a2200217Ia 4500 | ||
|---|---|---|---|
| 003 | Ost | ||
| 005 | 20260507074958.0 | ||
| 008 | 260507s9999||||xx |||||||||||||| ||und|| | ||
| 020 | _a9957001590 | ||
| 040 | _cfsecg | ||
| 041 | _aara | ||
| 082 | _a310 | ||
| 100 |
_aطشطوش، سليمان محمد _eمؤلف |
||
| 245 | 0 |
_aأساسيات المعاينة الإحصائية / _c سليمان محمد طشطوش |
|
| 260 |
_aعمان: _bدار الشروق للنشر, _c2001 |
||
| 300 |
_a253 صفحة؛ _bإيضاحات ؛ _c25 سم |
||
| 504 | _aببليوغرافيا:ص.253 | ||
| 520 | _aالحصر الشامل والعينة،التقديرات،العينة العشوائية البسيطة،العينة العشوائية المنتظمة،العينة العشوائية الطبقية،العينة العشوائية العنقودية من مرحلة واحدة،العينة العشوائية العنقودية من مرحلتين،تقدير باستخدام النسبة،التقدير باستخدام الانحدار والفرق،تقدير حجم المجتمع للحياة البرية | ||
| 653 | _aالاحصاء | ||
| 942 | _cكتاب | ||
| 999 |
_c42051 _d42051 |
||